000 00525nam a2200193Ia 4500
005 20250923144457.0
008 008 250917s9999 xx 000 0 eng d
037 _aTextual
040 _aDSWL
_beng
_cDSWL
041 _aeng
_2eng
084 _qDSWL
100 _aDixon, Eberhart
_9825280
245 0 _aEconomic institute & cultural change
_cby Dixon
260 _b Mc graw-Hill Book Company
_c1941
300 _axiv,529p.
700 _a Eberhart
_9825281
942 _cTEXL
999 _c1439381
_d1439381